[Event "France Jeunes Belfort 2017"]
[Site "Belfort"]
[Date "2017.04.21"]
[Round "7.2"]
[White "O'Sullivan, Thomas"]
[Black "Heliot, Xabi"]
[Result "1-0"]
[WhiteElo "2223"]
[BlackElo "2081"]
[PlyCount "91"]
[EventDate "2017.??.??"]
[TimeControl "6000+965"]
[WhiteClock "0:02:40"]
[BlackClock "0:02:03"]

1. d4 Nf6 2. Bg5 e6 3. e4 c5 4. d5 h6 5. Bxf6 Qxf6 6. Nc3 a6 7. a4 g6 8. Nf3
Bg7 9. e5 Qf4 10. Qe2 O-O 11. g3 Qb4 12. O-O-O d6 13. Bg2 dxe5 14. Nxe5 exd5
15. Bxd5 Nc6 16. Nxg6 Bg4 17. f3 Rfe8 18. Qd3 Be6 19. Nf4 c4 20. Qe4 Bxd5 21.
Nfxd5 Qc5 22. Qf4 Red8 23. Nf6+ Kh8 24. Nfe4 Qb6 25. Nd6 Ne5 26. Nf5 Ng6 27.
Qxc4 Qf6 28. Nxg7 Qxg7 29. Rxd8+ Rxd8 30. Rd1 Rxd1+ 31. Nxd1 f6 32. Qe4 Ne5 33.
Ne3 Nc6 34. Nf5 Qg6 35. f4 Nd4 36. Qxd4 Qxf5 37. Qd8+ Kg7 38. Qc7+ Kg6 39. Qxb7
Qa5 40. Qe4+ f5 41. Qc6+ Kh7 42. b3 Kg7 43. Kb2 Kh7 44. Qd7+ Kg6 45. Qe6+ Kh7
46. Qe5 1-0

[Event "France Jeunes Belfort 2017"]
[Site "Belfort"]
[Date "2017.04.20"]
[Round "7.2"]
[White "Parlas, Helin"]
[Black "Bureau-Leroyer, Lola"]
[Result "1-0"]
[WhiteElo "1606"]
[BlackElo "1635"]
[PlyCount "79"]
[EventDate "2017.??.??"]
[TimeControl "6000+720"]
[WhiteClock "0:29:33"]
[BlackClock "0:00:34"]

1. e4 e5 2. Bc4 d6 3. d4 exd4 4. Nf3 Be7 5. Qxd4 Bf6 6. Qe3 Nc6 7. Nc3 Nge7 8.
h4 O-O 9. Bd2 Bg4 10. O-O-O a6 11. Rdg1 b5 12. Be2 Nb4 13. Ng5 Bxe2 14. Nxe2 c5
15. a3 Nbc6 16. f4 b4 17. axb4 cxb4 18. Kb1 Qa5 19. h5 Rab8 20. Qd3 g6 21. hxg6
fxg6 22. Qh3 h5 23. g4 Qa4 24. gxh5 b3 25. Qe6+ Kg7 26. cxb3 Rxb3 27. h6+ Kh8
28. e5 Rxb2+ 29. Kxb2 Rb8+ 30. Kc3 Qa3+ 31. Kc2 Qc5+ 32. Kd3 Qa3+ 33. Nc3 Nb4+
34. Ke2 Rf8 35. exf6 Nf5 36. Nf7+ Kh7 37. Qxf5 Re8+ 38. Kf2 Nd3+ 39. Qxd3 Qc5+
40. Be3 1-0

[Event "France Jeunes Belfort 2017"]
[Site "Belfort"]
[Date "2017.04.21"]
[Round "7.2"]
[White "Zachary, Matheo"]
[Black "Lomandong, Marc-Antoine"]
[Result "1-0"]
[WhiteElo "2267"]
[BlackElo "2009"]
[PlyCount "71"]
[EventDate "2017.??.??"]
[TimeControl "6000+715"]
[WhiteClock "0:37:41"]
[BlackClock "0:05:36"]

1. e4 g6 2. d4 Bg7 3. Nc3 c6 4. h3 d5 5. Nf3 dxe4 6. Nxe4 Nd7 7. Bd3 Ngf6 8.
Nxf6+ Nxf6 9. O-O O-O 10. Re1 Re8 11. c3 Qb6 12. Qc2 Bd7 13. Bf4 Rad8 14. Nd2
a5 15. Nc4 Qa7 16. a4 Nd5 17. Bg3 c5 18. Ne5 cxd4 19. Nxd7 dxc3 20. bxc3 Bxc3
21. Bb5 Bxa1 22. Rxa1 Nb4 23. Qe4 Nc6 24. Ne5 Rd4 25. Qf3 Nxe5 26. Bxe5 Red8
27. Bxd4 Qxd4 28. Re1 Qb4 29. Rd1 Rd2 30. Rxd2 Qxd2 31. Qxb7 Qe1+ 32. Bf1 e5
33. g3 e4 34. Kg2 e3 35. Qb8+ Kg7 36. Qe5+ 1-0

[Event "France Jeunes Belfort 2017"]
[Site "Belfort"]
[Date "2017.04.21"]
[Round "7.3"]
[White "Bellahcene, Anissa"]
[Black "Fretel, Liza"]
[Result "1-0"]
[WhiteElo "1806"]
[BlackElo "1801"]
[PlyCount "129"]
[EventDate "2017.??.??"]
[TimeControl "6000+715"]
[WhiteClock "0:05:48"]
[BlackClock "0:08:01"]

1. e4 c5 2. c3 d6 3. d4 Nf6 4. Bd3 Nc6 5. Ne2 e6 6. O-O Be7 7. Kh1 a6 8. Nd2 b6
9. Re1 Ng4 10. Kg1 Bh4 11. Ng3 h5 12. Nf3 Be7 13. Nf1 cxd4 14. cxd4 e5 15. d5
Nb8 16. Bd2 Nd7 17. b4 Bb7 18. Rc1 f5 19. h3 Ngf6 20. Ng5 Nf8 21. Ng3 fxe4 22.
Nf5 Rg8 23. Nxe4 Nxd5 24. Nxe7 Qxe7 25. Qxh5+ g6 26. Qe2 Kd7 27. Bc4 Ne6 28.
Qd3 Ndc7 29. Bb3 Rad8 30. Qg3 Kc8 31. Ng5 Kb8 32. Nxe6 Nxe6 33. Qe3 Ka7 34. a4
Rge8 35. a5 Nd4 36. axb6+ Kb8 37. Rc7 Rd7 38. Rec1 Rc8 39. Rxc8+ Bxc8 40. Bd5
Qd8 41. Bc3 Qxb6 42. Rd1 Bb7 43. Bxb7 Rxb7 44. Bxd4 exd4 45. Qxd4 Qxd4 46. Rxd4
Kc7 47. Kf1 Kc6 48. Ke2 Rb5 49. Kd3 Rd5 50. g4 Rxd4+ 51. Kxd4 Kb5 52. Kc3 d5
53. f4 Kc6 54. Kd4 Kd6 55. f5 g5 56. f6 Ke6 57. f7 Kxf7 58. Kxd5 Ke7 59. Ke5
Kd7 60. Kf5 Kc6 61. Kxg5 Kb5 62. Kf5 Kxb4 63. g5 a5 64. g6 a4 65. g7 1-0

[Event "France Jeunes Belfort 2017"]
[Site "Belfort"]
[Date "2017.04.21"]
[Round "7.3"]
[White "David, Bogdan-Emanuel"]
[Black "Christien, Vincent"]
[Result "1-0"]
[WhiteElo "2099"]
[BlackElo "1988"]
[PlyCount "111"]
[EventDate "2017.??.??"]
[TimeControl "6000+745"]
[WhiteClock "0:03:07"]
[BlackClock "0:01:30"]

1. e4 e5 2. Nf3 Nc6 3. Bc4 d6 4. d3 h6 5. c3 g6 6. Bb3 Bg7 7. Nbd2 Nge7 8. Nf1
O-O 9. h3 Na5 10. Bc2 c5 11. Ne3 Nac6 12. O-O Be6 13. Bb3 d5 14. Qe2 d4 15.
Bxe6 fxe6 16. Nc2 Qd7 17. c4 Rf7 18. Bd2 a5 19. Na3 b6 20. Nb5 Kh7 21. Nh2 Raf8
22. g3 Na7 23. Nxa7 Qxa7 24. f4 exf4 25. gxf4 Qd7 26. Qg2 e5 27. fxe5 Bxe5 28.
Ng4 Bf4 29. Bxf4 Rxf4 30. Rxf4 Rxf4 31. Rf1 Rxf1+ 32. Qxf1 Ng8 33. Qf4 Qe7 34.
e5 h5 35. Nf2 Nh6 36. Ne4 Nf7 37. Qf6 Qxf6 38. Nxf6+ Kg7 39. Nd7 g5 40. e6 Nd6
41. Nxb6 Kf6 42. Nd7+ Kxe6 43. Nxc5+ Ke5 44. Kf2 Nf5 45. a3 Ne3 46. b4 axb4 47.
axb4 Nd1+ 48. Ke2 Nc3+ 49. Kf3 Na2 50. b5 Nb4 51. b6 Kd6 52. b7 Kc7 53. Ke4 Nc6
54. Ne6+ Kxb7 55. Nxg5 Kc7 56. Ne6+ 1-0

[Event "France Jeunes Belfort 2017"]
[Site "Belfort"]
[Date "2017.04.21"]
[Round "7.3"]
[White "Flick, Antoine"]
[Black "Georges, Thomas"]
[Result "1-0"]
[WhiteElo "2327"]
[BlackElo "2130"]
[PlyCount "71"]
[EventDate "2017.??.??"]
[TimeControl "6000+810"]
[WhiteClock "0:05:13"]
[BlackClock "0:01:34"]

1. d4 Nf6 2. c4 g6 3. Nc3 Bg7 4. e4 d6 5. Bd3 O-O 6. Nge2 e5 7. d5 Na6 8. O-O
Nc5 9. Bc2 a5 10. f3 Kh8 11. Be3 Ng8 12. Qd2 f5 13. exf5 gxf5 14. f4 e4 15. h3
Nf6 16. Rae1 Bd7 17. b3 Qe8 18. a3 b6 19. Rb1 Qg6 20. Bd4 Rg8 21. Nd1 b5 22.
Ne3 a4 23. b4 Nb3 24. Bxb3 axb3 25. Rxb3 bxc4 26. Rbb1 Rxa3 27. Nc3 Nh5 28.
Nxc4 Qxg2+ 29. Kxg2 Bxd4+ 30. Kh2 Bxc3 31. Qf2 e3 32. Qxe3 Ra2+ 33. Rf2 Rxf2+
34. Qxf2 Bb5 35. Rc1 Bxb4 36. Qb2+ 1-0

[Event "France Jeunes Belfort 2017"]
[Site "Belfort"]
[Date "2017.04.21"]
[Round "7.3"]
[White "Gospodaru, Teodora"]
[Black "Aubert, Estee"]
[Result "0-1"]
[WhiteElo "1827"]
[BlackElo "1741"]
[PlyCount "124"]
[EventDate "2017.??.??"]
[TimeControl "6000+1150"]
[WhiteClock "0:00:59"]
[BlackClock "0:02:44"]

1. d4 c5 2. d5 e5 3. c4 d6 4. Nc3 g6 5. e4 Bg7 6. Be3 Ne7 7. h3 O-O 8. g4 a6 9.
Qd2 Bd7 10. Bd3 Qa5 11. Nf3 b5 12. Rg1 f6 13. b3 Kf7 14. Rc1 Rh8 15. Be2 b4 16.
Nb1 Qd8 17. Nh2 g5 18. h4 h6 19. Nf1 Ng6 20. h5 Ne7 21. Ng3 a5 22. a3 bxa3 23.
Nxa3 Qb6 24. Rb1 Na6 25. Qc1 Rhb8 26. Bd2 Nb4 27. Nf1 a4 28. bxa4 Rxa4 29. Rg3
Rba8 30. Bd1 R4a7 31. Bxb4 cxb4 32. Nc2 Ra4 33. Rgb3 Qa5 34. Qd2 Rb8 35. Rxb4
Rbxb4 36. Rxb4 Ra2 37. Rb7 Qxd2+ 38. Nxd2 Bc8 39. Rb6 Ra6 40. Rxa6 Bxa6 41. Nb4
Bc8 42. Ba4 Bxg4 43. Nb3 Nc8 44. Na5 Bxh5 45. Bd7 Nb6 46. Be6+ Ke8 47. Nbc6 Bf7
48. Bg4 h5 49. Be2 Kd7 50. Nb8+ Kc8 51. Na6 Bf8 52. Kd2 Be8 53. Kc3 h4 54. Kb4
Bd7 55. Bd1 g4 56. Nc6 Kb7 57. Kb5 Na8 58. c5 Nc7+ 59. Nxc7 Kxc7 60. cxd6+ Bxd6
61. Kc4 h3 62. Kd3 h2 0-1

[Event "France Jeunes Belfort 2017"]
[Site "Belfort"]
[Date "2017.04.21"]
[Round "7.3"]
[White "Imperor, Amelie"]
[Black "Belluire, Beatrice"]
[Result "1-0"]
[WhiteElo "1820"]
[BlackElo "1786"]
[PlyCount "137"]
[EventDate "2017.??.??"]
[TimeControl "6000+2630"]
[WhiteClock "0:08:35"]
[BlackClock "0:01:32"]

1. e4 d5 2. exd5 Nf6 3. d4 Nxd5 4. c4 Nb6 5. Nf3 Bg4 6. c5 N6d7 7. Bc4 e6 8. h3
Bh5 9. Be3 Nc6 10. Qe2 Be7 11. Nc3 e5 12. d5 Nd4 13. Bxd4 exd4 14. Ne4 O-O 15.
O-O Nxc5 16. Ng3 Bg6 17. Nxd4 c6 18. Ndf5 Re8 19. dxc6 bxc6 20. Nxe7+ Rxe7 21.
Qf3 Qb6 22. b3 Rae8 23. Nf5 Rd7 24. Rae1 Ne6 25. Re5 Rdd8 26. Rfe1 c5 27. h4 h6
28. h5 Bxf5 29. Qxf5 Qd6 30. Bxe6 Rxe6 31. Rxe6 fxe6 32. Qxe6+ Qxe6 33. Rxe6
Rd1+ 34. Kh2 Rd2 35. Ra6 Rxf2 36. Rxa7 Rd2 37. Kh3 Rd4 38. g3 Rd5 39. Kg4 Rg5+
40. Kh4 Rd5 41. a4 Rd4+ 42. Kh3 Rd5 43. Kg4 Rg5+ 44. Kh4 Rd5 45. a5 Rd4+ 46.
Kh3 Rb4 47. Rc7 Rxb3 48. Rxc5 Rb4 49. a6 Ra4 50. Rc6 Kf7 51. Rg6 Kf8 52. Kg2
Ra3 53. Kf2 Kf7 54. Ke2 Kf8 55. Kd2 Kf7 56. Kc2 Ra5 57. g4 Kf8 58. Kb3 Kf7 59.
Kb4 Ra1 60. Kb5 Rb1+ 61. Kc6 Ra1 62. Kb7 Re1 63. Rc6 Rb1+ 64. Kc8 Ra1 65. Rc7+
Ke8 66. a7 Ra2 67. Kb8 Rb2+ 68. Rb7 Rd2 69. a8=Q 1-0

[Event "France Jeunes Belfort 2017"]
[Site "Belfort"]
[Date "2017.04.21"]
[Round "7.3"]
[White "Kern, Nicolas"]
[Black "Viennot, Dylan"]
[Result "1-0"]
[WhiteElo "2085"]
[BlackElo "2263"]
[PlyCount "95"]
[EventDate "2017.??.??"]
[TimeControl "6000+2025"]
[WhiteClock "0:02:10"]
[BlackClock "0:01:11"]

1. e4 e6 2. d4 d5 3. exd5 exd5 4. Bd3 c5 5. Nf3 c4 6. Be2 Bd6 7. b3 cxb3 8.
axb3 Ne7 9. O-O Nbc6 10. c4 Bf5 11. Nc3 a6 12. Be3 O-O 13. Qd2 Rc8 14. c5 Bc7
15. Ne1 Qd7 16. h3 Bg6 17. Bf3 Bf5 18. Ne2 Ng6 19. Ng3 Be6 20. Be2 Nce7 21. Nd3
Rfe8 22. f4 f6 23. Bf2 Nf5 24. Nh5 Nfh4 25. Kh2 Nxg2 26. Rg1 Bxh3 27. Rxg2 Bxg2
28. Kxg2 Re4 29. Bf3 Rce8 30. Rh1 R8e7 31. Kf1 Qb5 32. Kg1 f5 33. Ne5 Bxe5 34.
dxe5 Qxb3 35. Bxe4 fxe4 36. Ng3 h6 37. Be3 Re8 38. Ne2 Rf8 39. Nc3 Ne7 40. Kf2
Kh7 41. Rb1 Qc4 42. Rxb7 Ng6 43. Nxd5 Nxe5 44. Qd4 Nd3+ 45. Kg3 Qxd4 46. Bxd4
Nxf4 47. Rxg7+ Kh8 48. Nxf4 1-0

[Event "France Jeunes Belfort 2017"]
[Site "Belfort"]
[Date "2017.04.21"]
[Round "7.3"]
[White "Lamaze, Simon"]
[Black "Popov, Konstantin"]
[Result "0-1"]
[WhiteElo "1682"]
[BlackElo "2026"]
[PlyCount "66"]
[EventDate "2017.??.??"]
[TimeControl "6000+675"]
[WhiteClock "0:47:05"]
[BlackClock "0:32:51"]

1. e4 c5 2. Nf3 e6 3. c4 Nc6 4. Nc3 d6 5. g3 Nf6 6. Bg2 Be7 7. O-O Nd4 8. d3
O-O 9. Nxd4 cxd4 10. Ne2 e5 11. f4 Ne8 12. f5 Bg5 13. h4 Bxc1 14. Rxc1 Bd7 15.
Kh2 b5 16. Ng1 bxc4 17. Rxc4 d5 18. Rc5 dxe4 19. Bxe4 Rb8 20. Rf2 Nf6 21. g4
Nxe4 22. dxe4 Qxh4+ 23. Kg2 f6 24. Rc7 Rf7 25. Rxa7 Bxf5 26. Rxf7 Bxe4+ 27. Kf1
Kxf7 28. Qe2 Bd5 29. b3 Rc8 30. Qd1 Qh6 31. Rc2 Qf4+ 32. Ke1 Qe4+ 33. Re2 Qxg4
0-1

[Event "France Jeunes Belfort 2017"]
[Site "Belfort"]
[Date "2017.04.21"]
[Round "7.3"]
[White "Peyssonneaux, Salome"]
[Black "Nguyen, Thao Nhi"]
[Result "0-1"]
[WhiteElo "1428"]
[BlackElo "1691"]
[PlyCount "58"]
[EventDate "2017.??.??"]
[TimeControl "6000+1250"]
[WhiteClock "0:02:45"]
[BlackClock "0:14:14"]

1. e4 Nf6 2. e5 Nd5 3. c4 Nb6 4. b3 d6 5. exd6 cxd6 6. Bb2 Nc6 7. Nf3 Bg4 8.
Be2 e6 9. Nc3 Be7 10. d4 Bf6 11. Ne4 d5 12. Nc5 Qc7 13. Rc1 Rd8 14. O-O dxc4
15. Bxc4 Nxc4 16. Rxc4 O-O 17. Ne4 Be7 18. Qd3 Qb6 19. Rd1 Nb4 20. Qe3 Nxa2 21.
Ra1 Nb4 22. Ne5 Nd5 23. Qg3 Bf5 24. Nc5 Qb5 25. Rxa7 b6 26. Ncd3 Qxb3 27. Rc1
Rc8 28. Rca1 Bd6 29. Qf3 Bxe5 0-1

[Event "France Jeunes Belfort 2017"]
[Site "Belfort"]
[Date "2017.04.21"]
[Round "7.3"]
[White "Willems, Niels"]
[Black "Bergougnoux, Axel"]
[Result "1/2-1/2"]
[WhiteElo "2116"]
[BlackElo "2194"]
[PlyCount "114"]
[EventDate "2017.??.??"]
[TimeControl "6000+1265"]
[WhiteClock "0:06:19"]
[BlackClock "0:00:56"]

1. c4 Nf6 2. g3 c5 3. Bg2 d5 4. cxd5 Nxd5 5. Nc3 Nc7 6. Nf3 Nc6 7. d3 e5 8. Nd2
Bd7 9. Nc4 Be7 10. O-O f6 11. Ne3 O-O 12. Ned5 Nxd5 13. Nxd5 b6 14. a3 Rc8 15.
b4 Be6 16. Nxe7+ Qxe7 17. bxc5 Nd4 18. c6 Nxc6 19. Bd2 Qf7 20. Bc3 Bb3 21. Qd2
a5 22. Qe3 Ne7 23. Rac1 Rc5 24. Bb2 Rfc8 25. Rxc5 Rxc5 26. Rc1 Rxc1+ 27. Qxc1
Qe6 28. Qc7 Kf7 29. Bf3 Qc8 30. Qxc8 Nxc8 31. d4 exd4 32. Bxd4 Ke6 33. e4 Kd6
34. Bg4 Be6 35. Bxe6 Kxe6 36. f4 b5 37. Bc3 Nd6 38. f5+ Kd7 39. Bxa5 Nxe4 40.
Bb4 Kc6 41. Kg2 Kd5 42. g4 Kd4 43. Bf8 g6 44. fxg6 hxg6 45. h4 Ke3 46. h5 gxh5
47. Bh6+ Kd4 48. gxh5 Ke5 49. Kf3 Kf5 50. Bc1 Nd6 51. Bd2 Nc4 52. Bc1 Ne5+ 53.
Kg3 Nf7 54. Kf3 Ne5+ 55. Kg3 Nf7 56. Kf3 Nh8 57. Bd2 Nf7 1/2-1/2

[Event "France Jeunes Belfort 2017"]
[Site "Belfort"]
[Date "2017.04.21"]
[Round "7.4"]
[White "Boulart, Emilie"]
[Black "Georges, Lisa"]
[Result "1/2-1/2"]
[WhiteElo "1636"]
[BlackElo "1704"]
[PlyCount "66"]
[EventDate "2017.??.??"]
[TimeControl "6000+1340"]
[WhiteClock "0:14:59"]
[BlackClock "0:07:06"]

1. c4 Nf6 2. Nc3 e5 3. g3 d5 4. cxd5 Nxd5 5. Bg2 Nb6 6. Nf3 Nc6 7. O-O Be7 8.
a3 a5 9. d3 O-O 10. Be3 Be6 11. d4 exd4 12. Nxd4 Nxd4 13. Bxd4 c6 14. Ne4 Bd5
15. Rc1 Nc4 16. Qd3 b5 17. Rfd1 f5 18. Nd2 Bxg2 19. Kxg2 Qd5+ 20. Kg1 c5 21.
Bc3 Qxd3 22. exd3 Nb6 23. Re1 Bd6 24. Be5 Bxe5 25. Rxe5 Rad8 26. Rexc5 Rxd3 27.
Rxb5 Rxd2 28. Rxb6 Re8 29. Rb7 h6 30. Rcc7 Re1+ 31. Kg2 Ree2 32. Rxg7+ Kh8 33.
Rh7+ Kg8 1/2-1/2

[Event "France Jeunes Belfort 2017"]
[Site "Belfort"]
[Date "2017.04.21"]
[Round "7.4"]
[White "Boyer, Mahel"]
[Black "Decuigniere, Tom"]
[Result "1-0"]
[WhiteElo "2020"]
[BlackElo "1909"]
[PlyCount "117"]
[EventDate "2017.??.??"]
[TimeControl "6000+910"]
[WhiteClock "0:26:45"]
[BlackClock "0:04:14"]

1. d4 Nf6 2. c4 e6 3. Nc3 Bb4 4. e3 c5 5. Nge2 b6 6. a3 Ba5 7. Rb1 Na6 8. g3
Bb7 9. d5 Ne4 10. Bg2 Nxc3 11. Nxc3 Bxc3+ 12. bxc3 O-O 13. O-O Qf6 14. Qa4 Nb8
15. e4 d6 16. f4 Qe7 17. e5 f6 18. f5 exd5 19. exd6 Qxd6 20. Bf4 Qd7 21. Qd1
Rd8 22. Qg4 Na6 23. cxd5 Bxd5 24. Rbd1 Qf7 25. Rxd5 Rxd5 26. Qe2 Re8 27. Qxa6
Rdd8 28. c4 Kh8 29. Bd5 Qd7 30. Qb7 Qxb7 31. Bxb7 Rd4 32. Rc1 g5 33. fxg6 hxg6
34. h4 Rd3 35. Kf2 Rxa3 36. Rd1 Ra2+ 37. Kf3 f5 38. Bg5 Ra3+ 39. Kf4 Ra2 40.
Bf6+ Kg8 41. Rd7 Rae2 42. Bd5+ R2e6 43. Rd8 Kh7 44. Bxe6 Rxd8 45. Bxd8 Kh6 46.
Ke5 Kh5 47. Kd5 Kg4 48. Bc7 a6 49. Kc6 b5 50. Kxc5 bxc4 51. Kxc4 a5 52. Bf7 g5
53. hxg5 Kxg5 54. Bf4+ Kg4 55. Kb5 Kh3 56. Kxa5 Kg4 57. Be6 Kh5 58. Bf7+ Kg4
59. Bg6 1-0

[Event "France Jeunes Belfort 2017"]
[Site "Belfort"]
[Date "2017.04.21"]
[Round "7.4"]
[White "Favarel-Lubeigt, Helina"]
[Black "Gattegno-Graciet, Maylis"]
[Result "1-0"]
[WhiteElo "1537"]
[BlackElo "1434"]
[PlyCount "85"]
[EventDate "2017.??.??"]
[TimeControl "6000+995"]
[WhiteClock "0:20:42"]
[BlackClock "0:40:27"]

1. d4 Nf6 2. c4 g6 3. Nc3 d6 4. h3 Bg7 5. e4 c5 6. d5 O-O 7. Be3 e6 8. Bd3 exd5
9. exd5 Nbd7 10. Nf3 Re8 11. O-O a6 12. a4 Qa5 13. Qc1 Qb4 14. a5 b5 15. cxb5
axb5 16. Bd2 Ne5 17. Nxe5 Rxe5 18. Bf4 Rh5 19. Bxb5 Rxa5 20. Rxa5 Qxa5 21. Qa1
Qb6 22. Qa8 Qb7 23. Ra1 h6 24. Ra7 Qxa8 25. Rxa8 Nxd5 26. Rxc8+ Kh7 27. Bxd6
Nxc3 28. bxc3 Bxc3 29. Rxc5 Rxc5 30. Bxc5 f5 31. Kf1 Kg7 32. Ke2 g5 33. Kd3 Ba1
34. Bd4+ Bxd4 35. Kxd4 Kf6 36. Bd7 f4 37. Bg4 Kf7 38. Ke5 Kg6 39. Bd1 Kf7 40.
Kf5 Kg7 41. h4 gxh4 42. Kxf4 Kg6 43. Ke4 1-0

[Event "France Jeunes Belfort 2017"]
[Site "Belfort"]
[Date "2017.04.21"]
[Round "7.4"]
[White "Guitouni, Soha"]
[Black "Yuan, Beline"]
[Result "0-1"]
[WhiteElo "1373"]
[BlackElo "1845"]
[PlyCount "50"]
[EventDate "2017.??.??"]
[TimeControl "6000+640"]
[WhiteClock "0:44:09"]
[BlackClock "1:04:51"]

1. e4 e6 2. d4 d5 3. Nd2 Nf6 4. e5 Nfd7 5. Bd3 c5 6. c3 Nc6 7. Ne2 cxd4 8. cxd4
f6 9. exf6 Nxf6 10. O-O Bd6 11. Nf3 O-O 12. Bf4 Bxf4 13. Nxf4 Ne4 14. g3 Qf6
15. Bxe4 dxe4 16. Ne5 Nxe5 17. dxe5 Qxe5 18. Re1 b6 19. Qb3 g5 20. Nd3 Qf5 21.
Nb4 Qxf2+ 22. Kh1 Qf3+ 23. Kg1 Qf2+ 24. Kh1 e3 25. Nc6 Qf3+ 0-1

[Event "France Jeunes Belfort 2017"]
[Site "Belfort"]
[Date "2017.04.21"]
[Round "7.4"]
[White "Le Gouic, Brendan"]
[Black "Lever, Erwan"]
[Result "1/2-1/2"]
[WhiteElo "1736"]
[BlackElo "2129"]
[PlyCount "131"]
[EventDate "2017.??.??"]
[TimeControl "6000+1005"]
[WhiteClock "0:17:52"]
[BlackClock "0:03:45"]

1. g3 Nf6 2. Bg2 g6 3. c4 Bg7 4. Nc3 O-O 5. e4 d6 6. Nge2 e5 7. d4 Nbd7 8. O-O
a5 9. b3 exd4 10. Nxd4 Nc5 11. h3 Nfd7 12. f4 Ne6 13. Be3 Ndc5 14. f5 Nxd4 15.
Bxd4 Be5 16. f6 c6 17. Qd2 Ne6 18. Bxe5 dxe5 19. Qf2 Qd4 20. Ne2 Qxf2+ 21. Kxf2
a4 22. Ke3 Rd8 23. b4 Nd4 24. Rac1 Be6 25. a3 Nxe2 26. Kxe2 Rd4 27. Rfd1 Bxc4+
28. Ke3 Rad8 29. Rxd4 exd4+ 30. Kf4 d3 31. Rxc4 d2 32. Bf3 d1=Q 33. Bxd1 Rxd1
34. b5 h6 35. bxc6 bxc6 36. Rxa4 g5+ 37. Kg4 Kh7 38. Rc4 Kg6 39. Rxc6 Rd3 40.
h4 h5+ 41. Kh3 g4+ 42. Kg2 Rxa3 43. Rc5 Ra2+ 44. Kf1 Ra4 45. e5 Re4 46. Kf2 Kf5
47. Rc7 Rxe5 48. Rxf7 Ra5 49. Rf8 Kg6 50. Ke3 Ra3+ 51. Kf4 Rf3+ 52. Ke5 Re3+
53. Kf4 Rf3+ 54. Ke4 Rxg3 55. f7 Rf3 56. Rg8+ Kxf7 57. Rg5 Rf1 58. Rxh5 g3 59.
Rg5 Rh1 60. Rxg3 Rxh4+ 61. Kf3 Kf6 62. Kf2 Rf4+ 63. Ke2 Ke5 64. Ra3 Re4+ 65.
Re3 Rxe3+ 66. Kxe3 1/2-1/2

[Event "France Jeunes Belfort 2017"]
[Site "Belfort"]
[Date "2017.04.21"]
[Round "7.4"]
[White "Midy, Robin"]
[Black "Mohammad, Fahim"]
[Result "1/2-1/2"]
[WhiteElo "2137"]
[BlackElo "2281"]
[PlyCount "122"]
[EventDate "2017.??.??"]
[TimeControl "6000+885"]
[WhiteClock "0:00:38"]
[BlackClock "0:03:06"]

1. d4 Nf6 2. Bg5 Ne4 3. Bf4 e5 4. Bxe5 Nc6 5. Nd2 d5 6. e3 h5 7. h4 Qe7 8. Bb5
Qb4 9. Bxc6+ bxc6 10. Rb1 Ba6 11. Ne2 Qa5 12. a3 f6 13. Bh2 Bb5 14. f3 Nd6 15.
Kf2 Be7 16. Nc3 Nf5 17. Nb3 Qb6 18. Nxb5 cxb5 19. Qd3 Qe6 20. e4 Nd6 21. exd5
Qxd5 22. Bxd6 Qxd6 23. Qg6+ Kf8 24. Rbe1 Rh6 25. Qe4 Re8 26. Qe6 Qd8 27. Qe4
Kg8 28. g3 f5 29. Qxf5 Rf8 30. Qe4 Bd6 31. Re3 Qd7 32. Kg2 Qf7 33. f4 Kh8 34.
Qf3 Qg6 35. Kh2 Qxc2+ 36. Qe2 Qc6 37. Re1 Qd5 38. Qf3 Qf7 39. Nd2 Rf6 40. Ne4
Bxf4 41. Nxf6 Bxe3 42. Rxe3 Qxf6 43. Qxf6 Rxf6 44. Kg2 Rc6 45. b4 g6 46. d5
Rc2+ 47. Kf3 Kg7 48. Ke4 Kf6 49. Rf3+ Ke7 50. Ke5 Re2+ 51. Kd4 Rc2 52. Rc3 Rxc3
53. Kxc3 Kd7 54. Kd4 Kd6 55. Ke4 Kd7 56. Kf4 Ke8 57. Ke4 Kd7 58. Kd4 Kd6 59.
Ke4 Kd7 60. Kf4 Ke8 61. Ke4 Kd7 1/2-1/2

[Event "France Jeunes Belfort 2017"]
[Site "Belfort"]
[Date "2017.04.21"]
[Round "7.4"]
[White "Razafindratsima, Timothe"]
[Black "Papadiamandis, Elliot"]
[Result "0-1"]
[WhiteElo "1830"]
[BlackElo "1944"]
[PlyCount "136"]
[EventDate "2017.??.??"]
[TimeControl "6000+720"]
[WhiteClock "0:09:44"]
[BlackClock "0:06:20"]

1. e4 c5 2. Nf3 d6 3. Bb5+ Bd7 4. Bxd7+ Qxd7 5. c4 Nc6 6. d4 cxd4 7. Nxd4 Nf6
8. Nc3 g6 9. b3 Bg7 10. Bb2 O-O 11. O-O e6 12. Qd2 a6 13. Rad1 Rfd8 14. Kh1
Nxd4 15. Qxd4 Nd5 16. Qd2 Nxc3 17. Bxc3 Bxc3 18. Qxc3 Qc6 19. Qe3 d5 20. Qg5 d4
21. Qe5 Qd6 22. Qxd6 Rxd6 23. e5 Rd7 24. Rd3 b5 25. c5 Rd5 26. b4 a5 27. a3
axb4 28. axb4 Ra4 29. Rb1 Rxe5 30. Rxd4 Re2 31. h3 Rxf2 32. Rd8+ Kg7 33. Rb8
Raa2 34. Rg1 e5 35. Kh2 e4 36. Kg3 e3 37. Re1 Rxg2+ 38. Kf3 Rh2 39. Kxe3 Rxh3+
40. Kd4 Rd2+ 41. Ke5 Rh5+ 42. Ke4 Rh4+ 43. Ke3 Rdd4 44. Rf1 Rxb4 45. Rb7 Rbe4+
46. Kd3 Ref4 47. Rxf4 Rxf4 48. Rxb5 Rf1 49. Kd4 Rc1 50. Ke5 h5 51. Kd6 h4 52.
c6 h3 53. Rb2 g5 54. c7 g4 55. Rb4 f5 56. Rb7 Kg6 57. Rb8 h2 58. Rh8 g3 59.
Rg8+ Kh7 60. Rxg3 h1=Q 61. Kd7 Qc6+ 62. Ke7 Qxc7+ 63. Kf6 Qxg3 64. Ke6 Rd1 65.
Kf6 Re1 66. Kxf5 Qf3+ 67. Kg5 Rg1+ 68. Kh4 Qg4# 0-1

[Event "France Jeunes Belfort 2017"]
[Site "Belfort"]
[Date "2017.04.21"]
[Round "7.4"]
[White "Sonet, Sandy"]
[Black "Bartels, Karina"]
[Result "0-1"]
[WhiteElo "1528"]
[BlackElo "1759"]
[PlyCount "82"]
[EventDate "2017.??.??"]
[TimeControl "6000+1270"]
[WhiteClock "0:00:33"]
[BlackClock "0:34:43"]

1. d4 Nf6 2. Bg5 e6 3. e4 h6 4. Bxf6 Qxf6 5. e5 Qd8 6. Bd3 c5 7. c3 cxd4 8.
cxd4 Qb6 9. Ne2 Qxb2 10. Nbc3 Bb4 11. Rc1 Bxc3+ 12. Rxc3 Nc6 13. a3 Nxd4 14. f4
Nxe2 15. Rc2 Qxa3 16. Bxe2 Qb4+ 17. Qd2 Qxd2+ 18. Kxd2 Ke7 19. Rc7 a6 20. Bf3
Rb8 21. Rd1 Rf8 22. Ke3 f6 23. Bg4 fxe5 24. fxe5 Kd8 25. Rc2 b5 26. Rc5 Rb6 27.
g3 Bb7 28. Rc2 Ke7 29. Rcd2 Bc6 30. Rd6 b4 31. Rb1 a5 32. Bd1 Rb5 33. Kd4 Rd5+
34. Rxd5 Bxd5 35. Ra1 Ra8 36. Be2 a4 37. Kd3 b3 38. Kc3 a3 39. Bd3 b2 40. Re1
Rb8 41. Bc2 a2 0-1

[Event "France Jeunes Belfort 2017"]
[Site "Belfort"]
[Date "2017.04.21"]
[Round "7.4"]
[White "Trouve, Guillaume"]
[Black "Tahay, Romain"]
[Result "1-0"]
[WhiteElo "2134"]
[BlackElo "1971"]
[PlyCount "61"]
[EventDate "2017.??.??"]
[TimeControl "6000+1105"]
[WhiteClock "0:38:52"]
[BlackClock "0:01:33"]

1. e4 c5 2. Nf3 Nc6 3. d4 cxd4 4. Nxd4 Nf6 5. Nc3 d6 6. Bg5 e6 7. Qd2 a6 8.
O-O-O h6 9. Nxc6 bxc6 10. Bf4 d5 11. Qe3 Qa5 12. Be2 Bb4 13. Be5 dxe4 14. Qg3
Bxc3 15. Bc7 Qg5+ 16. Qxg5 hxg5 17. Rd8+ Ke7 18. Rxh8 Bb4 19. Rd1 Nd5 20. Bd8+
Kd7 21. Bxg5 f6 22. Bh4 Ke7 23. Bg3 e5 24. c4 Nb6 25. Rdd8 g6 26. f4 e3 27.
fxe5 Bd2+ 28. Kd1 fxe5 29. c5 Bf5 30. Rhe8+ Kf7 31. cxb6 1-0

[Event "France Jeunes Belfort 2017"]
[Site "Belfort"]
[Date "2017.04.21"]
[Round "7.5"]
[White "Daeschler, Florian"]
[Black "Jrade, Willis"]
[Result "1/2-1/2"]
[WhiteElo "2124"]
[BlackElo "2113"]
[PlyCount "71"]
[EventDate "2017.??.??"]
[TimeControl "6000+920"]
[WhiteClock "0:05:23"]
[BlackClock "0:04:42"]

1. e4 c5 2. Nf3 d6 3. Bb5+ Nd7 4. d4 cxd4 5. Qxd4 e5 6. Qd3 a6 7. Bxd7+ Bxd7 8.
O-O Rc8 9. Nc3 h6 10. Nd2 Nf6 11. Nc4 Qc7 12. Ne3 Be7 13. a4 Be6 14. Bd2 O-O
15. b3 Rfd8 16. Rfc1 Qc5 17. Ncd5 Bxd5 18. Nxd5 Nxd5 19. exd5 Qd4 20. Be3 Qh4
21. c4 Bf6 22. Rab1 e4 23. Qe2 Be5 24. g3 Qh3 25. b4 f5 26. c5 g5 27. c6 bxc6
28. Rxc6 f4 29. Bb6 e3 30. Bxd8 exf2+ 31. Qxf2 fxg3 32. hxg3 Rxd8 33. Rf1 Bd4
34. Qxd4 Qxg3+ 35. Kh1 Qh3+ 36. Kg1 1/2-1/2